[Event "Antofagasta Zicosur op 4th"]
[Site "Antofagasta"]
[Date "2019.01.07"]
[Round "5"]
[White "Carcamo Calderon, Jose Ignacio"]
[Black "Matamala Clemente, Javier"]
[Result "0-1"]
[WhiteElo "1809"]
[BlackElo "1720"]
[PlyCount "62"]
[EventDate "2019.01.04"]
[EventType "swiss"]
[EventRounds "10"]
[EventCountry "CHI"]
[SourceTitle "CBM 190 Extra"]
[Source "ChessBase"]
[SourceDate "2019.07.15"]
[SourceVersion "1"]
[SourceVersionDate "2019.07.15"]
[SourceQuality "1"]

1. d4 Nf6 2. c4 g6 3. g3 Bg7 4. Bg2 0-0 5. Nc3 d6 6. Nf3 Nbd7 7. 0-0 e5 8. e4 h6 9. h3 c5 10. d5 Nb6 11. b3 Ne8 12. Nh4 Kh7 13. Qc2 Bf6 14. Nf3 Bg7 15. Ne1 f5 16. Nd3 Nf6 17. Bb2 a6 18. Rae1 Nxe4 19. Nxe4 fxe4 20. Bxe4 Bxh3 21. Bxg6+ Kg8 22. f4 Bxf1 23. Rxf1 Nd7 24. Nf2 Qe7 25. Re1 Bf6 26. Ng4 Qg7 27. Bc1 exf4 28. Bxf4 Ne5 29. Nxh6+ Kh8 30. Rxe5 Bxe5 31. Bg5 Bd4+ 0-1